000 01429pam a22003614a 4500
001 13574149
003 OSt
005 20140310182644.0
008 040427s1982 nyu 000 0 eng
010 _a 2004009488
020 _a0446577359
035 _a(OCoLC)ocm55096287
040 _aDLC
_cDLC
_dIG#
_dDLC
042 _apcc
050 0 0 _aBT 736.4
_b.M612 2004
082 0 0 _aM 248.422
_222
_bM57 2004
100 1 _aMeyer, Joyce,
_d1943-
245 1 0 _aIn pursuit of peace
_b21 ways to conquer anxiety, fear, and discontentment
_cMeyer, Joyce
260 _aNew York
_bWarner Faith
_cc2004
300 _axi, 285 p.
_c24 cm.
521 _aCollege Student
526 _c1210L to 1700L
541 _j1
562 _efor circulation. 1 copy available in the collection
650 0 _aPeace
_xReligious aspects
_xChristianity.
856 4 1 _3Table of contents
_uhttp://www.loc.gov/catdir/toc/ecip0418/2004009488.html
856 4 2 _3Contributor biographical information
_uhttp://www.loc.gov/catdir/enhancements/fy0742/2004009488-b.html
856 4 2 _3Publisher description
_uhttp://www.loc.gov/catdir/enhancements/fy0914/2004009488-d.html
906 _a7
_bcbc
_corignew
_d1
_eecip
_f20
_gy-gencatlg
942 _2lcc
_cBK
_kM
999 _c15046
_d15046